LEADER 01210nam a2200277 u 4500 001 000000005779 003 CaOOAMICUS 005 20111114150022.0 008 950517s1975 it u000 u ita u 035 $a10146813 040 $aPUL(R)$bita 245 00$aDizionario enciclopedico di spiritualitą /$cdiretto da Ermanno Ancilli. 260 $aRoma :$bStudium,$cc1975. 300 $a2 v. ;$c22 cm 505 0 $av. 1. A-L. -- v. 2. M-Z. 650 4$aTeologia$xDizionari.$0(OLS)http://pul/subject/5266 650 0$aSpirituality.$2//eng$0(OLS)http://pul/subject/5265 700 1 $aAncilli, Ermanno,$cO.C.D.$0(OLS)http://pul/name/1762 850 $aPUL 852 $aPUL$W1$xSL Cons. Gen., Altre Classi 1$y1$m2016 B 4-5$j8128$nBK-PRI$b $qStampati$B8128$CPULBib$Z2$F8128 $H $81 852 $aPUL$W1$xSL Cons. Gen., Altre Classi 1$y1$m2016 B 4-5$j8128$nBK-PRI$b $qStampati$B8129$CPULBib$Z2$F8129 $H $81 941 1 $a8 961 $aINV: 42199 - 44995 961 $aINV: 42199 - 44995 996 $6245$aDizionario enciclopedico di spiritualitą$9(OLS)http://pul/title/8470 996 $6260$aRoma :$bStudium$9(OLS)http://pul/publisher/47892 LEADER 01208nam a2200265 u 4500 001 000000012877 003 CaOOAMICUS 005 20070226105605.0 008 940712s1921 it u000 u ita u 035 $a10309086 040 $aPUL(R)$bita 041 0 $aita$afre$aeng 100 1 $aMaffi, Pietro,$ccard.,$d1858-1931.$0(OLS)http://pul/name/12207 245 10$aConferenze Geronimiane degli E.mi cardinali P. Maffi, D. Mercier, A. Gasquet :$bRoma, dicembre 1920. 260 $aRoma :$bTip. poliglotta vaticana,$c1921. 300 $a84 p., 1 f. ;$c27 cm 501 $aSta con: Einhardus. Del "Libellus de psalmis"... 1915. 546 $aTesto in italiano, francese, inglese. 600 04$aHieronymus,$cs.,$d342/347-419.$0(OLS)http://pul/subject/3532 850 $aPUL 852 $aPUL$W1$xDP1 Fondo Cecchetti$y53$m267 L 36$j18151$nBK-PRI$b $qFondi$B18151$CPULBib$Z2$F18151 $HPUL2089 $81 941 1 $a1 960 $aGirolamo,$cs.,$d342/347-419$93532 996 $6245$aConferenze Geronimiane degli E.mi cardinali P. Maffi, D. Mercier, A. Gasquet :$bRoma, dicembre 1920$9(OLS)http://pul/title/18628 996 $6260$aRoma :$bTip. poliglotta vaticana$9(OLS)http://pul/publisher/48557